LEADER 01399nam0 2200325 450 001 000015778 005 20190226150026.0 100 $a20080904d1920----km-y0itay50------ba 101 0 $aita 102 $aIT 105 $ay-------001yy 200 1 $a<>stazione radiotelegrafica di Roma San Paolo$fB. Micchiardi, G. Pession, G. Vallauri 210 $aMilano$cStabilimento Tip. lit. Stucchi, Ceretti e C.$d1920 215 $a12 p.$cill.$d35 cm 225 2 $aPubblicazioni dell'Istituto elettrotecnico e radiotelegrafico della R. Marina$v0008 300 $aIn test. al front.: R. Accademia navale - Livorno 300 $aEstratto dal giornale: L'elettrotecnica, 5-15 maggio 1920, n. 13-14 410 0$12001$aPubblicazioni dell'Istituto elettrotecnico e radiotelegrafico della R. Marina$v0008 482 0$1001000015776 610 1 $aRadiotecnica$aRadiotelegrafia 676 $a621.3842$v20$9Radiotecnica. Radiotelegrafia (RTTY) 676 $a621.3841028$v20$9Ingegneria delle comunicazioni. Radiotecnica. Tecniche, apparecchi, attrezzature, materiali 700 1$aMicchiardi,$bB.$0631861 701 1$aPession,$bGiuseppe$01589 701 1$aVallauri,$bGiancarlo$0318968 801 0$aIT$bUNIPARTHENOPE$c20080904$gRICA$2UNIMARC 912 $a000015778 951 $aDEP I-0360 (2)$b1738$cNAVA4$d2008 996 $aStazione radiotelegrafica di Roma San Paolo$91202575 997 $aUNIPARTHENOPE LEADER 02587nam 2200529 450 001 9910815430203321 005 20230803202828.0 010 $a1-59756-645-4 035 $a(CKB)3710000000122055 035 $a(EBL)1886729 035 $a(SSID)ssj0001261325 035 $a(PQKBManifestationID)11685815 035 $a(PQKBTitleCode)TC0001261325 035 $a(PQKBWorkID)11320435 035 $a(PQKB)10852428 035 $a(MiAaPQ)EBC1886729 035 $a(Au-PeEL)EBL1886729 035 $a(CaPaEBR)ebr10901609 035 $a(OCoLC)889240750 035 $a(EXLCZ)993710000000122055 100 $a20140813h20142014 uy 0 101 0 $aeng 135 $aur|n|---||||| 181 $ctxt 182 $cc 183 $acr 200 10$aEndoscopic ear surgery /$fNatasha Pollak ; contributors Badi Aldosar [and eleven others] 210 1$aSan Diego, California :$cPlural Publishing, Inc.,$d2014. 210 4$dİ2014 215 $a1 online resource (199 p.) 300 $aIncludes index. 311 $a1-59756-504-0 327 $aContents; Foreword; Foreword; Contributors; 1. Principles of Endoscopic Ear Surgery; 2. Endoscopic Anatomy of the Middle Ear; 3. Instrumentation and Operating Room Setup; 4. Fat Graft Myringoplasty; 5. Middle Ear Exploration and Tympanoplasty; 6. Management of Chronic Otitis Media and Cholesteatoma; 7. Management of the Mastoid System in Chronic Ear Disease; 8. Endoscopic Ear Procedures in the Office; 9. The Endoscope-Assisted Minimally Invasive Retrosigmoid Approach; 10. Cochlear Endoscopy; 11. The Future of Minimally Invasive Ear Surgery; Appendix A: CPT Codes for Common Otologic Procedures 327 $aIndex 330 $aThis book explores the emerging role of endoscopy in the evolution of otologic surgery and details both basic and advanced endoscopic ear surgery techniques. Rich with color images, this text addresses commonly encountered difficulties in chronic ear surgery and explains how endoscope-assisted surgical techniques can help. The use of endoscopes has given rise to the concept of ""functional endoscopic ear surgery,"" which helps reduce cholesteatoma recurrence rates while allowing less invasive, more physiologic surgical approaches. 606 $aEar$xEndoscopic surgery 615 0$aEar$xEndoscopic surgery. 676 $a617.8059 700 $aPollak$b Natasha$01687227 702 $aAldosar$b Badi 801 0$bMiAaPQ 801 1$bMiAaPQ 801 2$bMiAaPQ 906 $aBOOK 912 $a9910815430203321 996 $aEndoscopic ear surgery$94060551 997 $aUNINA